| 000 | 004850000a22001570004500 | ||
|---|---|---|---|
| 003 | MACL | ||
| 005 | 20170907125454.0 | ||
| 008 | 170907b xxu||||| |||| 00| 0 eng d | ||
| 040 | _cmacl | ||
| 100 |
_aसिंह ,निर्मला _969038 |
||
| 245 | _aरूको नही कुसुम | ||
| 260 |
_aब्लू वेल पब्लिकेशन _c2010 |
||
| 350 | _a100 | ||
| 650 |
_aचिल्ड्रन बुक _9159 |
||
| 942 |
_cHIN _k741.642 _2ddc |
||
| 999 |
_c46199 _d46199 |
||